[Event "Olympiad-43"]
[Site "Batumi"]
[Date "2018.09.25"]
[Round "2.1"]
[White "Greet, Andrew"]
[Black "Giri, Anish"]
[Result "0-1"]
[WhiteElo "2441"]
[BlackElo "2780"]
[Annotator "Ganguly, Surya Sekhar "]
[PlyCount "84"]
[EventDate "2018.09.24"]
[EventType "team-swiss"]
[EventRounds "11"]
[EventCountry "GEO"]
[SourceTitle "CBM 187"]
[Source "ChessBase"]
[SourceDate "2018.12.11"]
[SourceVersion "1"]
[SourceVersionDate "2018.12.11"]
[SourceQuality "1"]
[WhiteTeam "Scotland"]
[BlackTeam "Netherlands"]
[WhiteTeamCountry "SCO"]
[BlackTeamCountry "NED"]

1. d4 d5 2. c4 e6 3. Nf3 Nd7 {With his already huge opening repertoire Anish
still managed to find something that he never played before as early as move
3! Judging by Andrew Greet's opening repertoire which is largely based on the
Catalan probably Anish most likely just wanted to find a way to make sure that
White doesn't get a normal Catalan that easily. It’s an old line played by
many strong players and goes back all the way to when players like Lasker and
Capablanca used it followed by many strong players. Nevertheless, it is not as
common as other main moves here.} 4. Nbd2 {It paid off. Andrew after 15 min of
thought decided to stick to a Catalan setup anyways but here Black will not
have any issues with equality.} (4. Nc3 {most principled of course but then a
player who plays mainly Catalan would be reluctant to test this while facing a
somewhat better prepared player :)} Ngf6 {transposes to a completely different
big line and at least it won’t be easy to get a normal Catalan setup here
which was probably Anish's genius idea of playing 3...Nd7.}) (4. g3 {It is
certain that Andrew didn't want to test Anish's preparation and thus started
with Nbd2 before g3. There is nothing wrong with playing g3, just that it gets
to some less analysed position rather quickly.} dxc4 {I guess this is what
bothered White} 5. Bg2 {and now there are many fresh areas like 5...Rb8/Nb6/
Bb4/c6 etc and it would be a tough call to predict what Anish had in mind})
4... Ngf6 5. g3 {Finally the bishop has come to g2 but White is committed to
Nbd2 and Black didn't even have to compromise anywhere. The opening problem is
solved to start with} b6 6. Bg2 Bb7 7. O-O Be7 8. b3 O-O 9. Bb2 Re8 10. Rc1 c5
11. dxc5 {I don't understand the need for releasing the central tension so
quickly. It just gives away the central battle rather too easily} (11. e3 {
is a normal move with a not so complicated position :)}) 11... bxc5 12. Ne5 {
Also, it didn't make much sense to volunteer to exchange the knight and lose a
few tempi.} Nxe5 13. Bxe5 Qb6 14. e3 Rad8 {I am pretty much sure that Anish
would not have played this move had he seen White's little trick here which
only works with the rook on d8} 15. cxd5 exd5 16. Qc2 (16. b4 $1 {a sudden
chance to nullify the centre and get a good square on d4. I actually like
White after this move} Ba6 (16... cxb4 17. Bc7 {[%csl Rd8]}) (16... Qxb4 17.
Rb1 {[%csl Rb7]}) (16... c4 17. a3) (16... Nd7 17. bxc5 Bxc5 18. Rb1 $14) 17.
bxc5 Bxc5 18. Bxf6 gxf6 19. Nb3 {A random line by the computer but it would
have never happened in the actual game}) 16... Ng4 $1 17. Bf4 $6 {The bishop
definitely doesn't belong on this diagonal.} (17. Ba1 {was called for}) 17...
h6 18. h3 (18. e4 {The engine says this but it’s understandable that one can
get unhappy about playing Be3 after g5.} g5 19. Be3 d4 20. Nc4 Qg6 21. Bd2 Bf8
$36) 18... Nf6 19. e4 $6 (19. Be5 {it was not too late to get the bishop where
it belongs}) 19... Nh5 $1 {I guess by now Anish has seen the brilliant idea} (
19... dxe4 {leads to some forced lines which was not that clear} 20. Nxe4 Nxe4
21. Bxe4 Bd6 22. Bxb7 Bxf4 23. gxf4 Qxb7 24. Rfe1 {also better for Black but
the game continuation is much stronger}) 20. Be3 d4 21. Nc4 Qg6 22. Bd2 Bh4 $3
{and here comes the 19th century move! Anish is a peaceful guy but today he
decided to have the 'beast mode' on for a change ;-)} 23. Rce1 (23. Ba5 {
It would be interesting to know what Anish saw here. With so many tempting
possibilities it is not clear which one is best. I feel he probably would have
just played Rd7 with his huge understanding which is also practically the best.
However, the lines here are quite pretty after d3.} d3 $5 (23... Nf4 {looks
super cool but doesn't work} 24. gxf4 Bxe4 25. Qxe4 Rxe4 26. f5 $1 $11 {
spoils the show}) (23... Rd7 $1 {I think this is what he would have opted for
eventually which in my opinion is most practical and strong enough.}) 24. Qd1
Rxe4 {just because it looks really tempting} (24... Rd4 25. Nd2 Bxg3 {also
good enough}) 25. Bxd8 Nxg3 26. fxg3 (26. Bxh4 Ne2+ 27. Kh1 Qxg2+ 28. Kxg2 Rg4+
29. Kh2 Rg2+ 30. Kh1 Rxf2# {wouldn't it feel nice to mate like this!}) 26...
Re2 27. Qxe2 dxe2 28. Bxh4 exf1=Q+ 29. Rxf1 Bxg2 30. Kxg2 Qe4+ $1 31. Rf3 g5
32. Bxg5 hxg5 33. g4 {but the question is why get here and bother if it's a
fortress or not when Black could simply play Rd7 without having to calculate
too many lines :P}) 23... Nxg3 $1 {Crushing and brilliant.} 24. fxg3 Bxg3 25.
Ba5 Rd7 {He surely would have played Rd7 in the other line too :)} 26. Qd3 (26.
Rd1 Rxe4) 26... Bxe1 27. Rxe1 f5 $1 {cleanest} 28. Kh2 fxe4 29. Qg3 Qxg3+ 30.
Kxg3 {Anish has excellent technique and with +5 evaluation he plays even
better chess} Re6 31. Rc1 Bd5 32. Bf1 Rf7 33. Be2 Rg6+ 34. Kh4 Rg2 35. Bg4 Rxa2
{No rush} 36. Be1 Rf1 37. Ne5 Bxb3 {if the game goes for few more moves he
would not leave the h3 pawn either} 38. Rxc5 Rxe1 39. Rc8+ Kh7 40. Bf5+ g6 41.
Rc7+ Kg8 42. Bxg6 Rg2 {Good to see a nice attacking game by Anish for a change
:)} 0-1

[Event "Shenzhen Du Te Cup 2nd"]
[Site "Shenzhen"]
[Date "2018.11.13"]
[Round "9"]
[White "Vachier Lagrave, Maxime"]
[Black "Giri, Anish"]
[Result "1/2-1/2"]
[WhiteElo "2778"]
[BlackElo "2780"]
[PlyCount "119"]
[EventDate "2018.11.04"]
[EventType "tourn"]
[EventRounds "10"]
[EventCountry "CHN"]
[EventCategory "21"]
[SourceTitle "CBM 187 Extra"]
[Source "ChessBase"]
[SourceDate "2018.11.04"]
[SourceVersion "1"]
[SourceVersionDate "2018.11.04"]
[SourceQuality "1"]

1. d4 Nf6 2. Bf4 d5 3. e3 e6 4. Nd2 Bd6 5. Bg3 O-O 6. Ngf3 b6 7. Ne5 c5 8. c3
Qc7 9. Bd3 Ba6 10. Bxa6 Nxa6 11. Rc1 Rac8 12. O-O Nb8 13. c4 cxd4 14. exd4 Qb7
15. Qf3 Nc6 16. Nxc6 Bxg3 17. Ne5 Bxe5 18. dxe5 Ne4 19. Nxe4 dxe4 20. Qe3 Qa6
21. Qxe4 Qxa2 22. Qc2 Qa5 23. Ra1 Qxe5 24. Rxa7 Qc5 25. Rc1 b5 26. Ra3 bxc4 27.
Rc3 Qd4 28. Qe2 Rb8 29. g3 g6 30. Qxc4 Qxc4 31. Rxc4 Rxb2 32. h4 Rbb8 33. Rc7
h5 34. Kg2 Kg7 35. R1c3 Ra8 36. R3c4 e5 37. Rc3 Rae8 38. Kf3 Kf6 39. Ke4 Re6
40. R7c6 Rfe8 41. Rxe6+ Rxe6 42. f4 exf4+ 43. Kxf4 Ra6 44. Kf3 Ra5 45. Rb3 Kf5
46. Rc3 f6 47. Rb3 Rc5 48. Ra3 Ke5 49. Rd3 Rc4 50. Ra3 Rd4 51. Ra5+ Rd5 52. Ra3
Rc5 53. Rd3 g5 54. Re3+ Kd5 55. hxg5 fxg5 56. Re8 Rc3+ 57. Kf2 Rc2+ 58. Kf3 Kd4
59. Re4+ Kd5 60. Re8 1/2-1/2

[Event "Wch Rapid"]
[Site "St Petersburg"]
[Date "2018.12.26"]
[Round "1"]
[White "Giri, Anish"]
[Black "Golubov, Saveliy"]
[Result "1-0"]
[WhiteElo "2783"]
[BlackElo "2482"]
[PlyCount "91"]
[EventDate "2018.12.26"]
[EventType "swiss (rapid)"]
[EventRounds "15"]
[EventCountry "RUS"]
[SourceTitle "CBM 187 Extra"]
[Source "ChessBase"]
[SourceDate "2018.11.04"]
[SourceVersion "1"]
[SourceVersionDate "2018.11.04"]
[SourceQuality "1"]

1. e4 c5 2. Nf3 e6 3. d4 d5 4. exd5 exd5 5. Bb5+ Nc6 6. O-O Nf6 7. Ne5 Bd7 8.
Re1 Be7 9. Nxd7 Qxd7 10. dxc5 Ne4 11. b4 Bf6 12. c3 O-O-O 13. Qd3 Rhe8 14. Bxc6
Qxc6 15. Be3 Qa6 16. Qxa6 bxa6 17. Rc1 Nxc3 18. Nxc3 d4 19. Bd2 dxc3 20. Bxc3
Bxc3 21. Rxc3 Re2 22. a3 Rdd2 23. Rf3 f6 24. h4 Rd4 25. g3 Kc7 26. Kf1 Rdd2 27.
Re1 Rxe1+ 28. Kxe1 Ra2 29. Re3 Kd7 30. h5 g6 31. h6 f5 32. Kf1 g5 33. Kg2 f4
34. Rd3+ Kc7 35. gxf4 gxf4 36. Kf3 a5 37. b5 a4 38. c6 Kb6 39. Rc3 Kc7 40. Rd3
Kb6 41. Kxf4 Rxf2+ 42. Ke5 Rc2 43. Rd7 Kxb5 44. c7 Kb6 45. Rxh7 Rc5+ 46. Ke4
1-0

[Event "Wch Rapid"]
[Site "St Petersburg"]
[Date "2018.12.26"]
[Round "2"]
[White "Shaposhnikov, Evgeny"]
[Black "Giri, Anish"]
[Result "1/2-1/2"]
[WhiteElo "2576"]
[BlackElo "2783"]
[PlyCount "58"]
[EventDate "2018.12.26"]
[EventType "swiss (rapid)"]
[EventRounds "15"]
[EventCountry "RUS"]
[SourceTitle "CBM 187 Extra"]
[Source "ChessBase"]
[SourceDate "2018.11.04"]
[SourceVersion "1"]
[SourceVersionDate "2018.11.04"]
[SourceQuality "1"]

1. e4 c5 2. Nf3 d6 3. c3 Nf6 4. h3 g6 5. Bd3 Bg7 6. O-O O-O 7. Bc2 e5 8. d4
exd4 9. cxd4 cxd4 10. Nxd4 Nc6 11. Nxc6 bxc6 12. Nc3 d5 13. Be3 Ba6 14. Re1
Nxe4 15. Nxe4 dxe4 16. Bxe4 Bxb2 17. Rb1 Bc3 18. Qxd8 Raxd8 19. Rec1 Bd2 20.
Bxd2 Rxd2 21. a4 Re8 22. Rxc6 Rxe4 23. Rxa6 Rf4 24. Rf1 Rd7 25. g3 Rc4 26. h4
h5 27. Kg2 Kg7 28. Re1 Rdd4 29. Rxa7 Rxa4 1/2-1/2

[Event "Wch Rapid"]
[Site "St Petersburg"]
[Date "2018.12.26"]
[Round "3"]
[White "Giri, Anish"]
[Black "Inarkiev, Ernesto"]
[Result "1-0"]
[WhiteElo "2783"]
[BlackElo "2693"]
[PlyCount "95"]
[EventDate "2018.12.26"]
[EventType "swiss (rapid)"]
[EventRounds "15"]
[EventCountry "RUS"]
[SourceTitle "CBM 187 Extra"]
[Source "ChessBase"]
[SourceDate "2018.11.04"]
[SourceVersion "1"]
[SourceVersionDate "2018.11.04"]
[SourceQuality "1"]

1. e4 e5 2. Nf3 Nc6 3. Bc4 Nf6 4. d3 Bc5 5. O-O O-O 6. c3 d5 7. exd5 Nxd5 8.
Re1 Bg4 9. Nbd2 Nb6 10. h3 Bh5 11. Bb3 Kh8 12. Ne4 Bd6 13. g4 Bg6 14. d4 exd4
15. Nxd4 Nxd4 16. Qxd4 Be7 17. Bf4 f5 18. Qxd8 Raxd8 19. Ng5 Nd5 20. Bd2 Bxg5
21. Bxg5 Nf6 22. f3 h6 23. Be3 Nd5 24. Bc5 Rf7 25. Rad1 Rfd7 26. Bc2 b6 27. Bd4
Ne7 28. Bxg7+ Kxg7 29. Rxe7+ Rxe7 30. Rxd8 fxg4 31. Bxg6 Kxg6 32. Rg8+ Kf5 33.
Rxg4 Re1+ 34. Kh2 Rb1 35. b4 b5 36. Rh4 Rb2+ 37. Kg3 Rc2 38. Rxh6 Rxc3 39. Rh5+
Kf6 40. Rxb5 Rc2 41. a3 Rc6 42. Rc5 Ra6 43. Ra5 Rc6 44. Rxa7 Rc3 45. Ra5 Rd3
46. h4 Rc3 47. h5 Rd3 48. Kg4 1-0

[Event "Wch Rapid"]
[Site "St Petersburg"]
[Date "2018.12.26"]
[Round "4"]
[White "Shirov, Alexei"]
[Black "Giri, Anish"]
[Result "1/2-1/2"]
[WhiteElo "2643"]
[BlackElo "2783"]
[PlyCount "71"]
[EventDate "2018.12.26"]
[EventType "swiss (rapid)"]
[EventRounds "15"]
[EventCountry "RUS"]
[SourceTitle "CBM 187 Extra"]
[Source "ChessBase"]
[SourceDate "2018.11.04"]
[SourceVersion "1"]
[SourceVersionDate "2018.11.04"]
[SourceQuality "1"]

1. e4 e5 2. Nf3 Nc6 3. Bb5 Nf6 4. d3 Bc5 5. c3 O-O 6. Bg5 Be7 7. O-O d6 8. h3
h6 9. Be3 a6 10. Ba4 b5 11. Bc2 d5 12. Nbd2 Be6 13. a4 b4 14. d4 bxc3 15. bxc3
exd4 16. Nxd4 Nxd4 17. Bxd4 c5 18. Be5 dxe4 19. Nxe4 Nxe4 20. Bxe4 Ra7 21. Qf3
Rd7 22. Rad1 Bf6 23. Bc6 Rxd1 24. Rxd1 Bxe5 25. Rxd8 Rxd8 26. g3 c4 27. Be4 a5
28. Bf5 Bxf5 29. Qxf5 Bxc3 30. Qb5 Bb4 31. Qxc4 g6 32. Qf4 h5 33. Qe5 Rd6 34.
Kg2 Re6 35. Qb5 Kg7 36. g4 1/2-1/2

[Event "Wch Rapid"]
[Site "St Petersburg"]
[Date "2018.12.26"]
[Round "5"]
[White "Giri, Anish"]
[Black "Timofeev, Artyom"]
[Result "1/2-1/2"]
[WhiteElo "2783"]
[BlackElo "2589"]
[PlyCount "104"]
[EventDate "2018.12.26"]
[EventType "swiss (rapid)"]
[EventRounds "15"]
[EventCountry "RUS"]
[SourceTitle "CBM 187 Extra"]
[Source "ChessBase"]
[SourceDate "2018.11.04"]
[SourceVersion "1"]
[SourceVersionDate "2018.11.04"]
[SourceQuality "1"]

1. e4 e6 2. d4 d5 3. Nc3 Nc6 4. e5 f6 5. Nf3 Qe7 6. Bf4 Qf7 7. h4 fxe5 8. Bxe5
Bd6 9. Bb5 Bd7 10. Ng5 Qe7 11. Bxc6 Bxc6 12. Qh5+ Kd7 13. Nf7 Nf6 14. Bxf6 Qxf6
15. Nxh8 Rxh8 16. O-O-O b5 17. Kb1 b4 18. Ne2 a5 19. Ng1 Bb5 20. Nf3 Be2 21.
Rd2 Bxf3 22. Qxf3 Qxf3 23. gxf3 Rf8 24. Rd3 Rf5 25. h5 Rg5 26. Rdd1 Rf5 27.
Rdg1 Rf7 28. Kc1 c5 29. dxc5 Bxc5 30. Rg2 Kd6 31. Rh4 Rxf3 32. Rxg7 h6 33. Rh2
Bxf2 34. Kd1 Rf5 35. c3 Be3 36. Ke2 Bc1 37. Kd3 bxc3 38. bxc3 e5 39. Ra7 e4+
40. Kd4 Bg5 41. Ra6+ Kc7 42. c4 Bf6+ 43. Rxf6 Rxf6 44. Ke5 Rf8 45. cxd5 e3 46.
Re2 Re8+ 47. Kd4 Kd6 48. Rxe3 Rxe3 49. Kxe3 Kxd5 50. Kf4 Ke6 51. Ke4 Kf6 52.
Kf4 Ke6 1/2-1/2

[Event "Wch Rapid"]
[Site "St Petersburg"]
[Date "2018.12.27"]
[Round "6"]
[White "Yudin, Sergei"]
[Black "Giri, Anish"]
[Result "0-1"]
[WhiteElo "2507"]
[BlackElo "2783"]
[PlyCount "78"]
[EventDate "2018.12.26"]
[EventType "swiss (rapid)"]
[EventRounds "15"]
[EventCountry "RUS"]
[SourceTitle "CBM 187 Extra"]
[Source "ChessBase"]
[SourceDate "2018.11.04"]
[SourceVersion "1"]
[SourceVersionDate "2018.11.04"]
[SourceQuality "1"]

1. e4 c5 2. Nf3 d6 3. c3 Nf6 4. h3 Nc6 5. Bd3 d5 6. e5 Nd7 7. Bb5 Qb6 8. Na3 e6
9. O-O c4 10. b3 Bxa3 11. Bxc6 Be7 12. Ba4 O-O 13. b4 a5 14. b5 Nc5 15. Ba3 Bd7
16. Rb1 f5 17. Bc2 Rf7 18. Qe2 g5 19. Nd4 Rg7 20. g4 f4 21. Kg2 Rf8 22. f3 Be8
23. Rh1 Bg6 24. Bxg6 hxg6 25. Qf1 Kf7 26. Qg1 Rh7 27. Rh2 Re8 28. Rh1 Nd3 29.
Bxe7 Rxe7 30. Re1 Nxe1+ 31. Qxe1 Rh4 32. a4 Qc5 33. Qc1 Re8 34. Rh2 Reh8 35.
Qb1 Qa3 36. Qc2 R4h6 37. Qd1 Qb2 38. Qc2 Qa1 39. d3 Qe1 0-1

[Event "Wch Rapid"]
[Site "St Petersburg"]
[Date "2018.12.27"]
[Round "7"]
[White "Giri, Anish"]
[Black "Petrosian, Tigran L"]
[Result "1-0"]
[WhiteElo "2783"]
[BlackElo "2598"]
[PlyCount "77"]
[EventDate "2018.12.26"]
[EventType "swiss (rapid)"]
[EventRounds "15"]
[EventCountry "RUS"]
[SourceTitle "CBM 187 Extra"]
[Source "ChessBase"]
[SourceDate "2018.11.04"]
[SourceVersion "1"]
[SourceVersionDate "2018.11.04"]
[SourceQuality "1"]

1. e4 g6 2. d4 Bg7 3. Nf3 d6 4. Be3 Nf6 5. Nc3 c6 6. Qd2 Qa5 7. Bd3 Bg4 8. Ng1
e5 9. h3 Be6 10. Nf3 h6 11. O-O Qc7 12. Ne2 Nbd7 13. Ng3 Nb6 14. b3 Rd8 15.
Rad1 exd4 16. Nxd4 Bc8 17. c4 Nbd7 18. Bc2 Nc5 19. Rfe1 h5 20. Ndf5 gxf5 21.
Bxc5 dxc5 22. exf5+ Be6 23. Qg5 Rxd1 24. Bxd1 O-O 25. fxe6 fxe6 26. Bxh5 Nh7
27. Qxc5 Qf4 28. Re4 Qc1+ 29. Kh2 e5 30. Qxa7 Nf6 31. Qe3 Qb2 32. Qe2 Qa1 33.
Re3 Bh6 34. Rxe5 Bf4 35. Rf5 Qd4 36. Qf3 Nxh5 37. Rxh5 Rf7 38. Qg4+ Rg7 39.
Qe6+ 1-0

[Event "Wch Rapid"]
[Site "St Petersburg"]
[Date "2018.12.27"]
[Round "8"]
[White "Giri, Anish"]
[Black "Nepomniachtchi, Ian"]
[Result "1/2-1/2"]
[WhiteElo "2783"]
[BlackElo "2763"]
[PlyCount "80"]
[EventDate "2018.12.26"]
[EventType "swiss (rapid)"]
[EventRounds "15"]
[EventCountry "RUS"]
[SourceTitle "CBM 187 Extra"]
[Source "ChessBase"]
[SourceDate "2018.11.04"]
[SourceVersion "1"]
[SourceVersionDate "2018.11.04"]
[SourceQuality "1"]

1. e4 c5 2. Nf3 d6 3. d4 cxd4 4. Nxd4 Nf6 5. Nc3 a6 6. Be2 e5 7. Nf3 Be7 8. Bg5
Nbd7 9. a4 h6 10. Be3 Ng4 11. Bc1 Ngf6 12. O-O Nc5 13. Nd2 O-O 14. b4 Ne6 15.
Nc4 Nd4 16. Be3 Nxe2+ 17. Qxe2 Be6 18. Nb6 Rb8 19. a5 Qc7 20. Ncd5 Bxd5 21.
exd5 Nd7 22. c4 Bg5 23. Rac1 Nxb6 24. axb6 Qd7 25. Rfd1 Qa4 26. Bxg5 hxg5 27.
Qd2 Rfc8 28. c5 a5 29. bxa5 Rxc5 30. Rxc5 dxc5 31. d6 Rd8 32. h3 c4 33. Rc1 Qb5
34. Qxg5 Rxd6 35. Qe7 Rd7 36. Qe8+ Kh7 37. Qc8 e4 38. Qxc4 Rd1+ 39. Kh2 Qe5+
40. g3 Rxc1 1/2-1/2

[Event "Wch Rapid"]
[Site "St Petersburg"]
[Date "2018.12.27"]
[Round "10"]
[White "Oparin, Grigoriy"]
[Black "Giri, Anish"]
[Result "1/2-1/2"]
[WhiteElo "2613"]
[BlackElo "2783"]
[PlyCount "50"]
[EventDate "2018.12.26"]
[EventType "swiss (rapid)"]
[EventRounds "15"]
[EventCountry "RUS"]
[SourceTitle "CBM 187 Extra"]
[Source "ChessBase"]
[SourceDate "2018.11.04"]
[SourceVersion "1"]
[SourceVersionDate "2018.11.04"]
[SourceQuality "1"]

1. Nf3 d5 2. g3 g6 3. Bg2 Bg7 4. d4 Nf6 5. O-O O-O 6. c4 c6 7. b3 dxc4 8. bxc4
c5 9. Bb2 cxd4 10. Nxd4 Qb6 11. Qc1 Bd7 12. Nd2 Nc6 13. N2b3 Nxd4 14. Bxd4 Qc7
15. c5 Bc6 16. Bxc6 Qxc6 17. Rb1 Qa4 18. Qb2 Rfd8 19. e3 Rac8 20. Nd2 Rc7 21.
Rfc1 h5 22. h4 Qd7 23. Nf3 Qf5 24. Ng5 Rcd7 25. Qc2 Qxc2 1/2-1/2

[Event "Wch Rapid"]
[Site "St Petersburg"]
[Date "2018.12.28"]
[Round "11"]
[White "Giri, Anish"]
[Black "Salem, AR Saleh"]
[Result "1-0"]
[WhiteElo "2783"]
[BlackElo "2660"]
[PlyCount "77"]
[EventDate "2018.12.26"]
[EventType "swiss (rapid)"]
[EventRounds "15"]
[EventCountry "RUS"]
[SourceTitle "CBM 187 Extra"]
[Source "ChessBase"]
[SourceDate "2018.11.04"]
[SourceVersion "1"]
[SourceVersionDate "2018.11.04"]
[SourceQuality "1"]

1. e4 c5 2. Nf3 d6 3. Bb5+ Nd7 4. a4 Ngf6 5. Nc3 a6 6. Be2 b6 7. d4 cxd4 8.
Qxd4 Bb7 9. O-O e5 10. Qe3 Be7 11. Nd2 O-O 12. Rd1 Qc7 13. Nc4 Nc5 14. f3 Rfd8
15. b4 Ncd7 16. Ba3 Rab8 17. b5 Nc5 18. Bxc5 dxc5 19. bxa6 Bxa6 20. Nb5 Bxb5
21. axb5 Nh5 22. g3 g6 23. Qa3 Rxd1+ 24. Rxd1 Rd8 25. Rxd8+ Bxd8 26. Qa8 Nf6
27. Nxe5 Qxe5 28. Qxd8+ Kg7 29. Qd2 h5 30. Kg2 h4 31. Qd3 g5 32. c3 Nh5 33. Qd5
Qe7 34. f4 Nf6 35. Qxg5+ Kf8 36. Qh6+ Ke8 37. Qh8+ Kd7 38. e5 Nd5 39. Bg4+ 1-0

[Event "Wch Rapid"]
[Site "St Petersburg"]
[Date "2018.12.28"]
[Round "13"]
[White "Giri, Anish"]
[Black "Yu, Yangyi"]
[Result "1/2-1/2"]
[WhiteElo "2783"]
[BlackElo "2764"]
[PlyCount "37"]
[EventDate "2018.12.26"]
[EventType "swiss (rapid)"]
[EventRounds "15"]
[EventCountry "RUS"]
[SourceTitle "CBM 187 Extra"]
[Source "ChessBase"]
[SourceDate "2018.11.04"]
[SourceVersion "1"]
[SourceVersionDate "2018.11.04"]
[SourceQuality "1"]

1. e4 e5 2. Nf3 Nf6 3. Nxe5 d6 4. Nf3 Nxe4 5. d4 d5 6. Bd3 Nc6 7. O-O Be7 8.
Nbd2 Bf5 9. Re1 Nxd2 10. Qxd2 Bxd3 11. Qxd3 O-O 12. Re2 Qd7 13. Bf4 Rfe8 14.
Rae1 Bf8 15. c3 Rxe2 16. Rxe2 a6 17. h3 f6 18. Nd2 Ne7 19. Nf1 1/2-1/2

[Event "Wch Rapid"]
[Site "St Petersburg"]
[Date "2018.12.28"]
[Round "14"]
[White "Matlakov, Maxim"]
[Black "Giri, Anish"]
[Result "1/2-1/2"]
[WhiteElo "2700"]
[BlackElo "2783"]
[PlyCount "21"]
[EventDate "2018.12.26"]
[EventType "swiss (rapid)"]
[EventRounds "15"]
[EventCountry "RUS"]
[SourceTitle "CBM 187 Extra"]
[Source "ChessBase"]
[SourceDate "2018.11.04"]
[SourceVersion "1"]
[SourceVersionDate "2018.11.04"]
[SourceQuality "1"]

1. c4 e5 2. Nc3 Nf6 3. Nf3 Nc6 4. g3 d5 5. cxd5 Nxd5 6. Bg2 Nb6 7. O-O Be7 8.
Rb1 a5 9. d3 O-O 10. Be3 Be6 11. d4 1/2-1/2

[Event "Wch Rapid"]
[Site "St Petersburg"]
[Date "2018.12.28"]
[Round "15"]
[White "Giri, Anish"]
[Black "Korobov, Anton"]
[Result "1/2-1/2"]
[WhiteElo "2783"]
[BlackElo "2698"]
[PlyCount "57"]
[EventDate "2018.12.26"]
[EventType "swiss (rapid)"]
[EventRounds "15"]
[EventCountry "RUS"]
[SourceTitle "CBM 187 Extra"]
[Source "ChessBase"]
[SourceDate "2018.11.04"]
[SourceVersion "1"]
[SourceVersionDate "2018.11.04"]
[SourceQuality "1"]

1. e4 c5 2. Nf3 Nc6 3. Bb5 Qb6 4. Nc3 e6 5. O-O Nge7 6. Re1 Nd4 7. a4 Nec6 8.
Bxc6 Qxc6 9. d3 Be7 10. Nxd4 cxd4 11. Nb5 e5 12. c3 dxc3 13. bxc3 O-O 14. c4 f5
15. exf5 d6 16. Be3 b6 17. a5 Bxf5 18. axb6 axb6 19. Qb3 Kh8 20. Nc3 Rxa1 21.
Rxa1 Ra8 22. Rd1 Bd8 23. f3 h6 24. Qb5 Bd7 25. Rb1 Ra3 26. Qb4 Ra6 27. Nd5 Bf5
28. Qc3 Qa8 29. Bxb6 1/2-1/2

[Event "New Delhi Parsvnath op-A 17th"]
[Site "New Delhi"]
[Date "2019.01.10"]
[Round "3"]
[White "Girish, A Koushnik"]
[Black "Amonatov, Farrukh"]
[Result "1/2-1/2"]
[WhiteElo "2411"]
[BlackElo "2621"]
[PlyCount "80"]
[EventDate "2019.01.09"]
[EventType "swiss"]
[EventRounds "10"]
[EventCountry "IND"]
[SourceTitle "CBM 188 Extra"]
[Source "ChessBase"]
[SourceDate "2019.02.26"]
[SourceVersion "1"]
[SourceVersionDate "2019.02.26"]
[SourceQuality "1"]

1. d4 Nf6 2. c4 g6 3. Nc3 Bg7 4. e4 O-O 5. h3 d6 6. Be3 e5 7. d5 a5 8. g4 Na6
9. Nge2 h5 10. g5 Nh7 11. Rg1 Bd7 12. Nc1 Qc8 13. h4 Qe8 14. Nd3 f6 15. gxf6
Rxf6 16. Be2 Qf7 17. Qd2 Kh8 18. O-O-O Nb4 19. Rg2 Nxd3+ 20. Qxd3 b6 21. Rdg1
Rg8 22. Qd2 Be8 23. Bd1 Qe7 24. Kb1 Rff8 25. Rh1 Bf6 26. Rgh2 Rf7 27. Ne2 Bd7
28. Nc3 Nf8 29. Be2 Be8 30. Bd1 Nd7 31. a3 Kh7 32. Ba4 Rgf8 33. Bh6 Bg7 34. Bg5
Nf6 35. Bd1 Qd7 36. f3 Ng8 37. Rh3 Bh6 38. Rg3 Bxg5 39. hxg5 Kh8 40. Qe3 Rh7
1/2-1/2